[Event "N4 Chaumont  Echiquier Aubois"]
[Site "?"]
[Date "2012.10.14"]
[Round "1"]
[White "Ferrand, Christophe"]
[Black "Masera, Michel"]
[Result "1-0"]
[WhiteElo "1877"]
[BlackElo "1818"]
[PlyCount "89"]
[EventDate "2012.10.14"]
[SourceDate "2012.10.14"]

1. e4 c5 2. Nf3 Nc6 3. Bb5 g6 4. O-O Bg7 5. Bxc6 bxc6 6. e5 f6 7. Re1 fxe5 8.
Nxe5 d6 9. Nf3 Nf6 10. d4 cxd4 11. Nxd4 c5 12. Nc6 Qc7 13. Nxe7 Kf7 14. Nc3 Re8
15. Nb5 Qxe7 16. Rxe7+ Rxe7 17. Nxd6+ Kg8 18. Nxc8 Rxc8 19. Be3 Rd7 20. Qe2
Rcd8 21. h3 Kh8 22. c3 Ne4 23. Qc4 Be5 24. f4 Nd6 25. Qxc5 Bg7 26. Bd4 Nf5 27.
Bxg7+ Kxg7 28. Re1 Rd2 29. Qe5+ Kf7 30. Re2 Rxe2 31. Qxe2 Ng3 32. Qc4+ Kf8 33.
Qc5+ Kg8 34. Qxa7 Rd1+ 35. Kf2 Ne4+ 36. Ke2 Rd8 37. a4 Ng3+ 38. Ke1 Re8+ 39.
Kd2 Re2+ 40. Kd3 Rxb2 41. a5 Nf1 42. a6 Rd2+ 43. Kc4 Rd8 44. Qb7 Ne3+ 45. Kb3
1-0

[Event "N4 Chaumont  Echiquier Aubois"]
[Site "?"]
[Date "2012.10.14"]
[Round "1"]
[White "Kerlau, Gildas"]
[Black "Guillaume, Jean-françois"]
[Result "0-1"]
[WhiteElo "1805"]
[BlackElo "1853"]
[PlyCount "78"]
[EventDate "2012.10.14"]
[SourceDate "2012.10.14"]

1. d4 Nf6 2. c4 c5 3. d5 e6 4. Nc3 exd5 5. cxd5 d6 6. e4 g6 7. f4 Bg7 8. Nf3
O-O 9. Be2 b5 10. Bxb5 Nxe4 11. O-O Nxc3 12. bxc3 Qa5 13. Rb1 Bf5 14. Bd3 Bxd3
15. Qxd3 Qxc3 16. Qb5 a5 17. Bd2 Qa3 18. Qb6 c4 19. Qb7 Na6 20. Ng5 Nc5 21. Qe7
Qd3 22. Bxa5 Rxa5 23. Nxf7 Rxf7 24. Qd8+ Rf8 25. Qxa5 c3 26. Rbd1 Qe3+ 27. Kh1
Nd3 28. Qc7 Nf2+ 29. Rxf2 Qxf2 30. Qxd6 Qe3 31. Qc6 Qe2 32. Rc1 Rxf4 33. Qc8+
Rf8 34. Qe6+ Qxe6 35. dxe6 Bd4 36. g3 Rf2 37. a4 Kf8 38. a5 Ke7 39. a6 c2 0-1

[Event "N4 Chaumont  Echiquier Aubois"]
[Site "?"]
[Date "2012.10.14"]
[Round "1"]
[White "Aribi, El Yazid"]
[Black "Roussel, Jean-Marc"]
[Result "1-0"]
[WhiteElo "1640"]
[BlackElo "1602"]
[PlyCount "55"]
[EventDate "2012.10.14"]
[SourceDate "2012.10.14"]

1. e4 d6 2. d4 Nf6 3. Nc3 c6 4. Bg5 h6 5. Bxf6 gxf6 6. Bc4 e6 7. d5 c5 8. dxe6
fxe6 9. Qh5+ Ke7 10. O-O-O a6 11. f4 Qe8 12. Qh4 Nc6 13. e5 dxe5 14. fxe5 Nxe5
15. Nf3 Nxc4 16. Qxc4 Qc6 17. Rhe1 b5 18. Qh4 Kf7 19. Qh5+ Kg7 20. Nh4 Rg8 21.
Qg6+ Kh8 22. Qxf6+ Bg7 23. Qe7 Qe8 24. Qxc5 Bd7 25. Qe3 Rc8 26. Ne4 Qh5 27. g3
Qe5 28. Ng6+ 1-0

[Event "N4 Chaumont  Echiquier Aubois"]
[Site "?"]
[Date "2012.10.14"]
[Round "1"]
[White "Picard, Serge"]
[Black "Guyot, Philippe"]
[Result "1-0"]
[WhiteElo "2104"]
[BlackElo "1983"]
[PlyCount "85"]
[EventDate "2012.10.14"]
[SourceDate "2012.10.14"]

1. e4 e6 2. d4 d5 3. e5 c5 4. Qg4 cxd4 5. Nf3 Nc6 6. Bd3 f5 7. Qg3 Nb4 8. Nxd4
Nxd3+ 9. cxd3 Qb6 10. Nb3 Qb4+ 11. Bd2 Qg4 12. Nc3 Bd7 13. Qxg4 fxg4 14. h3
gxh3 15. Rxh3 Ne7 16. f4 g6 17. Ke2 Nf5 18. g4 Ng7 19. Rah1 h5 20. Be3 b6 21.
Nd4 O-O-O 22. a4 Bb4 23. Na2 Be7 24. a5 Kb7 25. b4 Rc8 26. Kd2 Rhg8 27. gxh5
gxh5 28. Rc1 Rxc1 29. Kxc1 h4 30. axb6 axb6 31. b5 Nf5 32. Nxf5 exf5 33. Nc3
Be6 34. Ne2 Bc5 35. Bxc5 bxc5 36. Rxh4 Kb6 37. Rh6 Re8 38. Nc3 d4 39. Nd5+ Kb7
40. Rh7+ Kb8 41. Nc7 Rc8 42. b6 Bb3 43. Na6+ 1-0

[Event "N4 Chaumont  Echiquier Aubois"]
[Site "?"]
[Date "2012.10.14"]
[Round "1"]
[White "Brun, Franck"]
[Black "Voguet, François"]
[Result "1-0"]
[WhiteElo "1791"]
[BlackElo "1711"]
[PlyCount "99"]
[EventDate "2012.10.14"]
[SourceDate "2012.10.14"]

1. e4 c5 2. Nf3 d6 3. Bb5+ Bd7 4. Bxd7+ Nxd7 5. O-O Ngf6 6. Re1 e6 7. c3 Be7 8.
d4 O-O 9. e5 Ne8 10. d5 exd5 11. exd6 Nxd6 12. Qxd5 Rc8 13. Na3 Nb6 14. Qh5 Nd7
15. Bf4 Nf6 16. Qh3 Re8 17. Rad1 Qb6 18. Rxe7 Rxe7 19. Rxd6 Rce8 20. g3 Qxb2
21. Nc4 Qxc3 22. Ne3 Ne4 23. Rd7 Qa1+ 24. Kg2 Qxa2 25. Nd1 Qe6 26. Qxe6 fxe6
27. Rd3 c4 28. Re3 Nf6 29. Ra3 a6 30. Ra4 Rc8 31. Ne5 c3 32. Ra1 Nd5 33. Bc1
Nb4 34. Nf3 Rc5 35. Nd4 Nd5 36. Kf3 Rec7 37. Nc2 Kf8 38. Nd4 Ke7 39. Ba3 b5 40.
Rc1 c2 41. Bxc5+ Rxc5 42. Rxc2 Rxc2 43. Nxc2 Kd6 44. Ke4 b4 45. Nde3 a5 46.
Nc4+ Kc6 47. Nxa5+ Kb5 48. Nb3 h6 49. f4 Nc7 50. Ke5 1-0

[Event "N4 Chaumont  Echiquier Aubois"]
[Site "?"]
[Date "2012.10.14"]
[Round "?"]
[White "Prost, Catherine"]
[Black "Louot, Catherine"]
[Result "0-1"]
[WhiteElo "1280"]
[BlackElo "1519"]
[PlyCount "122"]
[EventDate "2012.10.14"]
[SourceDate "2012.10.14"]

1. Nf3 d5 2. b3 Nc6 3. Bb2 e6 4. e3 Nf6 5. Bb5 Bd7 6. d3 Bb4+ 7. c3 Bd6 8. O-O
e5 9. Nbd2 e4 10. dxe4 dxe4 11. Nd4 Nxd4 12. Bxd7+ Nxd7 13. exd4 Qh4 14. g3 Qh3
15. Nxe4 Be7 16. Qf3 f5 17. Nd2 O-O-O 18. Rae1 Bg5 19. Nc4 Nf6 20. Qg2 Qh6 21.
f4 Bh4 22. gxh4 Qxh4 23. Ne5 Rde8 24. Qg5 Qh6 25. Qxh6 gxh6 26. Kh1 Rhg8 27.
Nd3 Ne4 28. c4 Rd8 29. d5 c6 30. Rc1 cxd5 31. cxd5+ Kb8 32. Be5+ Ka8 33. Rg1
Rge8 34. Rg7 Rxd5 35. Rgc7 a6 36. Rc8+ Rxc8 37. Rxc8+ Ka7 38. Nb2 Nf2+ 39. Kg2
Rd2 40. Kf1 Ng4 41. Ke1 Rxh2 42. Bd4+ b6 43. Rc7+ Kb8 44. Rxh7 Rh1+ 45. Kd2
Rh2+ 46. Kc3 Rh3+ 47. Kb4 a5+ 48. Kb5 Rf3 49. Bxb6 Kc8 50. Bd4 Rxf4 51. Be3
Nxe3 52. Rxh6 Rd4 53. Kc5 Rd5+ 54. Kb6 f4 55. Rh8+ Kd7 56. Rh7+ Ke6 57. Rh8 Ng4
58. Na4 f3 59. Nc3 f2 60. Rh1 Ne3 61. Nxd5 Kxd5 0-1

[Event "Bogny/La Tour du Roi"]
[Site "?"]
[Date "2012.11.18"]
[Round "2"]
[White "Leghbali, Sophiane"]
[Black "Pytel, Krystof"]
[Result "0-1"]
[WhiteElo "2317"]
[BlackElo "1894"]
[PlyCount "56"]
[EventDate "2012.11.23"]
[SourceDate "2012.11.23"]

1. e4 c5 2. Nf3 a6 3. d4 cxd4 4. Nxd4 Nf6 5. Nc3 e5 6. Nb3 Bb4 7. Bg5 h6 8. Bh4
Qc7 9. Bd3 Bxc3+ 10. bxc3 Qxc3+ 11. Nd2 g5 12. Bg3 d6 13. O-O Be6 14. f3 Nbd7
15. Be1 Qc7 16. Nb3 Nc5 17. Be2 Rc8 18. Bf2 Na4 19. Bd3 Ke7 20. Qd2 Nc3 21. a4
Nd7 22. h4 f6 23. a5 d5 24. exd5 Nxd5 25. Rfe1 Nf4 26. Qb4+ Kf7 27. Rac1 Qc3
28. Qxc3 Rxc3 0-1

[Event "Bogny/La Tour du Roi"]
[Site "?"]
[Date "2012.11.18"]
[Round "2"]
[White "Szylar, Eric"]
[Black "Alcidi, Valentin"]
[Result "1-0"]
[WhiteElo "2099"]
[BlackElo "1826"]
[PlyCount "65"]
[EventDate "2012.11.23"]
[SourceDate "2012.11.23"]

1. e4 e5 2. Nc3 Nf6 3. f4 exf4 4. e5 Ng8 5. Nf3 Nc6 6. d4 g5 7. h4 g4 8. Ng5 d5
9. e6 Bxe6 10. Nxe6 fxe6 11. Qxg4 Qf6 12. Bxf4 Nh6 13. Qh5+ Kd7 14. Bg5 Qg6 15.
Qxg6 hxg6 16. Bd3 Nf5 17. Ne2 Bh6 18. O-O-O Nxh4 19. Bxh6 Rxh6 20. g3 Nf5 21.
Bxf5 Rxh1 22. Bxe6+ Kxe6 23. Rxh1 Ne7 24. Kd2 Rf8 25. Nf4+ Kd6 26. Rh7 Rf5 27.
c3 c6 28. Ke3 g5 29. Nd3 Rf6 30. g4 b6 31. Ne5 Ke6 32. Rg7 c5 33. Rxg5 1-0

[Event "Bogny/La Tour du Roi"]
[Site "?"]
[Date "2012.11.18"]
[Round "2"]
[White "Flamant, Jacky"]
[Black "Lassalle, Arnaud"]
[Result "0-1"]
[WhiteElo "1769"]
[BlackElo "2071"]
[PlyCount "104"]
[EventDate "2012.11.23"]
[SourceDate "2012.11.23"]

1. e4 c5 2. Nf3 d6 3. d4 cxd4 4. Nxd4 Nf6 5. Nc3 g6 6. Be3 Bg7 7. f3 O-O 8. Qd2
Nc6 9. Bc4 Bd7 10. h4 Rc8 11. Bb3 Ne5 12. O-O-O h5 13. Bh6 Rc5 14. Bxg7 Kxg7
15. g4 a5 16. gxh5 Nxh5 17. f4 a4 18. fxe5 axb3 19. Nxb3 Rxe5 20. Rhg1 Bc6 21.
Nd4 Rh8 22. Nf3 Ra5 23. Qd4+ Nf6 24. Rg5 Qa8 25. Rxa5 Qxa5 26. Rg1 Qc5 27. Qxc5
dxc5 28. Re1 Rh5 29. Kd2 b5 30. e5 Ng4 31. Ne4 Nxe5 32. Nxe5 Rxe5 33. Nf2 Rxe1
34. Kxe1 Kf6 35. Kd2 Ke5 36. Ke3 f6 37. Nd3+ Kd6 38. Nf4 Be8 39. c3 Bf7 40. a3
e5 41. Nd3 Be6 42. b4 cxb4 43. axb4 Kd5 44. Nc5 Bf5 45. Kd2 Bc8 46. Nd3 f5 47.
Nc5 f4 48. Nd3 Bf5 49. Nc5 e4 50. Na6 e3+ 51. Ke1 f3 52. Nc7+ Kc4 0-1

[Event "Bogny/La Tour du Roi"]
[Site "?"]
[Date "2012.11.18"]
[Round "2"]
[White "Halfaoui, Eddine"]
[Black "Prioux, Michel"]
[Result "1-0"]
[WhiteElo "1898"]
[BlackElo "1779"]
[PlyCount "55"]
[EventDate "2012.11.23"]
[SourceDate "2012.11.24"]

1. e4 c5 2. Nf3 e6 3. d4 cxd4 4. Nxd4 a6 5. Nc3 Qc7 6. Be2 b5 7. O-O Bb7 8. Bf3
Nc6 9. Nxc6 Bxc6 10. Re1 Be7 11. Nd5 Qb7 12. Bf4 d6 13. Nxe7 Nxe7 14. Qxd6 O-O
15. Qc7 Ng6 16. Bg3 Rac8 17. Qxb7 Bxb7 18. c3 e5 19. Bg4 Rc4 20. f3 b4 21. cxb4
Rxb4 22. b3 Rd8 23. Bf5 f6 24. Be6+ Kf8 25. Bf2 Ke8 26. a3 Rb5 27. Bc4 Ra5 28.
Bb6 1-0

[Event "Bogny/La Tour du Roi"]
[Site "?"]
[Date "2012.11.18"]
[Round "2"]
[White "Husson"]
[Black "Pytel, Bozena"]
[Result "1/2-1/2"]
[WhiteElo "1670"]
[BlackElo "1936"]
[PlyCount "113"]
[EventDate "2012.11.23"]
[SourceDate "2012.11.24"]

1. e4 e5 2. Nf3 Nc6 3. d4 exd4 4. Nxd4 Qh4 5. Nxc6 Qxe4+ 6. Qe2 Qxe2+ 7. Bxe2
dxc6 8. O-O Bf5 9. c3 O-O-O 10. Be3 Kb8 11. Bc4 f6 12. Nd2 Bd6 13. Nf3 c5 14.
a4 Ne7 15. h3 Be4 16. Nd2 Bd5 17. Bd3 Bc6 18. Bc2 Nd5 19. Nc4 Nxe3 20. Nxe3 g6
21. Bb3 Bf4 22. Rfe1 a5 23. Ng4 Rhf8 24. g3 Bd6 25. Rad1 f5 26. Ne5 Bxe5 27.
Rxe5 Rxd1+ 28. Bxd1 Re8 29. Rxe8+ Bxe8 30. Bb3 Kc8 31. f4 Kd7 32. Kf2 Kd6 33.
Ke3 c6 34. Bg8 h6 35. h4 b6 36. Kd3 Ke7 37. Bb3 Kf6 38. Ke3 g5 39. Bc2 gxh4 40.
gxh4 Bf7 41. Bd1 Bd5 42. h5 Bf7 43. Kd3 c4+ 44. Kd4 c5+ 45. Ke3 Be8 46. Kd2 Ke6
47. Ke3 Kd6 48. Kd2 Bc6 49. Ke3 b5 50. axb5 Bxb5 51. Bc2 Be8 52. Bd1 Bf7 53.
Kf2 Kc6 54. Ke3 Kb5 55. Kd2 Bd5 56. Kc1 Be4 57. Kd2 1/2-1/2

[Event "Bogny/La Tour du Roi"]
[Site "?"]
[Date "2012.11.18"]
[Round "2"]
[White "Jupin, François"]
[Black "Renard, Luc"]
[Result "1/2-1/2"]
[WhiteElo "1720"]
[BlackElo "1772"]
[PlyCount "89"]
[EventDate "2012.11.23"]
[SourceDate "2012.11.24"]

1. d4 Nf6 2. Nf3 d5 3. e3 e6 4. Bd3 c5 5. c3 b6 6. Nbd2 Bb7 7. O-O Bd6 8. Qe2
Ne4 9. dxc5 bxc5 10. Bb5+ Nd7 11. Nxe4 dxe4 12. Nd2 O-O 13. Bxd7 Qxd7 14. b3
Qc7 15. h3 Be5 16. Bb2 a5 17. Rfb1 Rfd8 18. Nc4 Ba6 19. Rd1 h6 20. Rab1 Rd5 21.
Qc2 Bxc4 22. bxc4 Rxd1+ 23. Rxd1 f5 24. Kf1 Rd8 25. Ke2 Kf7 26. Rxd8 Qxd8 27.
Qd2 Ke8 28. Qxd8+ Kxd8 29. Kd2 Kc7 30. Kc2 Kb6 31. f4 Bf6 32. a4 g5 33. fxg5
hxg5 34. Kd2 Be5 35. Ke2 Kc6 36. Kf2 Kd7 37. g3 Bf6 38. Ke2 Kd6 39. Kf2 Ke5 40.
Ba3 Be7 41. Bc1 Kf6 42. Ke2 Kg6 43. Kf2 e5 44. Ba3 Bd6 45. Bc1 1/2-1/2

[Event "Bogny/La Tour du Roi"]
[Site "?"]
[Date "2012.11.18"]
[Round "2"]
[White "Waczecka, Jerome"]
[Black "Hacene, Ahmed"]
[Result "1/2-1/2"]
[WhiteElo "1711"]
[BlackElo "1773"]
[PlyCount "85"]
[EventDate "2012.11.23"]
[SourceDate "2012.11.24"]

1. d4 Nf6 2. Nf3 e6 3. Bg5 d5 4. Nbd2 Be7 5. e3 a6 6. Bd3 Nbd7 7. c3 c5 8. Rc1
c4 9. Bb1 b5 10. O-O Bb7 11. Ne5 Nxe5 12. dxe5 Nd7 13. Bxe7 Qxe7 14. f4 Qc5 15.
Qf3 O-O-O 16. Kh1 g5 17. Qf2 h5 18. Nf3 g4 19. Nd4 h4 20. h3 Rdg8 21. Rg1 gxh3
22. gxh3 Rg3 23. Rxg3 hxg3 24. Qxg3 Qe7 25. Kh2 f5 26. Rg1 Nc5 27. Qg7 Qe8 28.
Rg6 Kb8 29. Nxe6 Nxe6 30. Rxe6 Qh5 31. Qg2 Ka8 32. Rf6 d4 33. Rxa6+ Kb8 34. Rb6
Rh7 35. cxd4 Ka7 36. Rxb7+ Rxb7 37. d5 Qf7 38. e4 fxe4 39. Qxe4 Qe7 40. d6 Qh4
41. Qd4+ Ka6 42. d7 Rxd7 43. Qxd7 1/2-1/2

[Event "Epernay/Rethel"]
[Site "?"]
[Date "2012.11.18"]
[Round "2"]
[White "Defrance, Laurent"]
[Black "Vedovotto, Nicolas"]
[Result "1/2-1/2"]
[WhiteElo "2129"]
[BlackElo "2078"]
[PlyCount "36"]
[EventDate "2012.11.23"]
[SourceDate "2012.11.24"]

1. d4 Nc6 2. Nf3 d5 3. e3 Bg4 4. Be2 e6 5. Nbd2 Nf6 6. O-O Bd6 7. c4 O-O 8. c5
Be7 9. b4 a6 10. Bb2 Ne4 11. a3 f5 12. Ne1 Bxe2 13. Qxe2 Nxd2 14. Qxd2 Bf6 15.
Nd3 Qd7 16. Rad1 Kh8 17. Ne5 Bxe5 18. dxe5 Rad8 1/2-1/2

[Event "Epernay/Rethel"]
[Site "?"]
[Date "2012.11.18"]
[Round "2"]
[White "Sohier, Renaud"]
[Black "crepaux, Jean Marie"]
[Result "1-0"]
[WhiteElo "2002"]
[BlackElo "1856"]
[PlyCount "119"]
[EventDate "2012.11.23"]
[SourceDate "2012.11.24"]

1. d4 d5 2. c4 c6 3. Nf3 Nf6 4. g3 dxc4 5. Bg2 Bf5 6. O-O e6 7. Nbd2 Be7 8.
Nxc4 Nbd7 9. Nfd2 O-O 10. e4 Bg6 11. b3 Nb6 12. Bb2 Qc7 13. Ne5 Nfd7 14. Nxg6
hxg6 15. Rc1 Nf6 16. Nc4 Rfd8 17. Qf3 a5 18. a4 Nxc4 19. bxc4 Bb4 20. e5 Ne8
21. d5 exd5 22. cxd5 Rxd5 23. Qxd5 cxd5 24. Rxc7 Nxc7 25. Rc1 Ne6 26. Bxd5 Nc5
27. Bd4 Nxa4 28. Bxb7 Rd8 29. Rc4 Rb8 30. Bd5 Nb6 31. Bxb6 Rxb6 32. Rc8+ Bf8
33. Rc7 Rb5 34. Bxf7+ Kh7 35. e6 a4 36. e7 Bxe7 37. Rxe7 Ra5 38. Re6 g5 39.
Bg6+ Kh6 40. Bf5+ g6 41. Rxg6+ Kh7 42. Bb1 Kh8 43. Kg2 a3 44. Ba2 Kh7 45. Rg8
Kh6 46. Rf8 Kg7 47. Rf7+ Kg6 48. Kf3 Ra4 49. Ke3 Ra8 50. f4 Re8+ 51. Kf3 gxf4
52. gxf4 Rh8 53. f5+ Kg5 54. Kg3 Rc8 55. h4+ Kh6 56. Ra7 Rc3+ 57. Kf4 Rh3 58.
Ke5 Rxh4 59. Rxa3 Rh1 60. Kf6 1-0

[Event "Epernay/Rethel"]
[Site "?"]
[Date "2012.11.18"]
[Round "2"]
[White "Durant, Christophe"]
[Black "Noizet, Donatien"]
[Result "0-1"]
[WhiteElo "1938"]
[BlackElo "1940"]
[PlyCount "81"]
[EventDate "2012.11.23"]
[SourceDate "2012.11.24"]

1. d4 d5 2. Nf3 Nf6 3. Bf4 e6 4. e3 c5 5. c3 c4 6. Bxb8 Rxb8 7. Qa4+ Bd7 8.
Qxa7 Qc8 9. Bxc4 Ra8 10. Qxa8 Qxa8 11. Bd3 Bd6 12. Nbd2 O-O 13. O-O Qa5 14.
Rfc1 Qb6 15. b3 Rc8 16. c4 Bb4 17. a3 Bxd2 18. Nxd2 dxc4 19. bxc4 Qb2 20. Nf3
Ng4 21. Rf1 Bc6 22. e4 Nxf2 23. Rab1 Qxa3 24. Rxf2 Qxd3 25. Rbf1 Bxe4 26. Ng5
f6 27. Nxe6 Qxc4 28. Nf4 Qxd4 29. Ne2 Qa7 30. Ng3 Bd3 31. Rd1 Rc2 32. Nh1 Ba6
33. Ra1 Qc5 34. h3 Bd3 35. Rd1 Qd4 36. Kh2 Rxf2 37. Nxf2 Qxf2 38. Rxd3 Qf4+ 39.
Kg1 b5 40. Rd8+ Kf7 41. Rf8+ 0-1

[Event "Epernay/Rethel"]
[Site "?"]
[Date "2012.11.18"]
[Round "2"]
[White "Puech, Arriel"]
[Black "Noizet, Regis"]
[Result "1-0"]
[WhiteElo "1785"]
[BlackElo "1642"]
[PlyCount "95"]
[EventDate "2012.11.23"]
[SourceDate "2012.11.24"]

1. e4 d6 2. d4 Nf6 3. Nc3 c6 4. Nf3 Nbd7 5. Bg5 e5 6. dxe5 dxe5 7. Bc4 Be7 8.
a3 Qb6 9. Rb1 Bc5 10. O-O Ng4 11. Qe2 Qc7 12. h3 Ngf6 13. Rfd1 b5 14. Ba2 O-O
15. b4 Bb6 16. a4 a5 17. axb5 axb4 18. Rxb4 cxb5 19. Nd5 Nxd5 20. Bxd5 Rb8 21.
Be7 Bc5 22. Bxf8 Bxf8 23. Rbb1 Nf6 24. Bb3 h6 25. Ra1 Bc5 26. Qd3 Bb7 27. Nd2
Qb6 28. Qf3 Bc6 29. c3 Qb7 30. Re1 Rd8 31. Rad1 Ra8 32. Qd3 Qb6 33. Re2 Ra3 34.
Rb1 Ra8 35. Nf3 Rd8 36. Qc2 Bxf2+ 37. Rxf2 Bxe4 38. Qa2 Bxb1 39. Qxb1 e4 40.
Nd4 e3 41. Re2 b4 42. Nf5 Rd2 43. Kf1 Ne4 44. Qxe4 bxc3 45. Bc2 Qb5 46. Qa8+
Kh7 47. Nd4+ Rxc2 48. Nxb5 1-0

[Event "Epernay/Rethel"]
[Site "?"]
[Date "2012.11.18"]
[Round "2"]
[White "Robert, Emmanuel"]
[Black "Gaubert, Virginie"]
[Result "0-1"]
[WhiteElo "1640"]
[BlackElo "1719"]
[PlyCount "77"]
[EventDate "2012.11.23"]
[SourceDate "2012.11.24"]

1. e4 g6 2. Nf3 Bg7 3. d4 d6 4. Bc4 e6 5. O-O Ne7 6. Be3 O-O 7. Ng5 d5 8. exd5
exd5 9. Bd3 Nf5 10. Bxf5 Bxf5 11. g4 Bd7 12. Nc3 c6 13. h3 f5 14. f4 Qc8 15.
Nxh7 Kxh7 16. g5 Kh8 17. h4 Kg8 18. Bf2 Na6 19. Kg2 Nc7 20. Rh1 Ne6 21. Ne2 Qc7
22. Bg3 Rfb8 23. Rh2 Qb6 24. b3 Bxd4 25. c3 Bg7 26. Qd3 c5 27. h5 d4 28. h6 Bf8
29. Bf2 Bb5 30. c4 Bc6+ 31. Kg3 Qc7 32. Rh4 Nxg5 33. Rg1 Ne4+ 34. Kh2 Be8 35.
Ng3 Nxf2 36. Qc2 Ng4+ 37. Kh3 Bd7 38. Nxf5 Bxf5 39. Qb2 0-1

[Event "Epernay/Rethel"]
[Site "?"]
[Date "2012.11.18"]
[Round "2"]
[White "Leroy, Patrick"]
[Black "Motin, Jean Charles"]
[Result "1-0"]
[WhiteElo "1790"]
[BlackElo "1609"]
[PlyCount "47"]
[EventDate "2012.11.23"]
[SourceDate "2012.11.24"]

1. e4 e5 2. Nf3 Nc6 3. Bb5 a6 4. Ba4 b5 5. Bb3 Nf6 6. O-O Bc5 7. Nxe5 Bxf2+ 8.
Rxf2 Nxe5 9. d4 Neg4 10. Rf1 d6 11. h3 Nh6 12. Bxh6 gxh6 13. Qf3 Be6 14. Bxe6
fxe6 15. Qxf6 Qxf6 16. Rxf6 Ke7 17. Rf2 Rhg8 18. Nc3 Rg5 19. Raf1 Rg7 20. Ne2
Rag8 21. Kh2 h5 22. Nf4 Rf7 23. Ng6+ hxg6 24. Rxf7+ 1-0

[Event "Epernay/Rethel"]
[Site "?"]
[Date "2012.11.18"]
[Round "2"]
[White "Pierlot, Aurore"]
[Black "Vilain, Jean francois"]
[Result "0-1"]
[WhiteElo "1480"]
[BlackElo "1680"]
[PlyCount "78"]
[EventDate "2012.11.23"]
[SourceDate "2012.11.24"]

1. e4 c5 2. Nf3 d6 3. Nc3 Nf6 4. Bc4 e6 5. d3 a6 6. a3 Be7 7. Be3 Nbd7 8. O-O
O-O 9. h3 Qc7 10. Re1 b5 11. Bb3 Bb7 12. Ne2 Rac8 13. Rc1 d5 14. exd5 Nxd5 15.
Qd2 Nxe3 16. Qxe3 Bf6 17. c3 Nb6 18. Bc2 Rfd8 19. Rcd1 b4 20. a4 Nd5 21. Qc1 c4
22. cxb4 cxd3 23. Bxd3 Qb6 24. Qb1 g6 25. Rc1 Rxc1 26. Rxc1 Nxb4 27. Be4 Bxe4
28. Qxe4 Nd3 29. Rf1 Nxf2 30. Qc2 Nxh3+ 31. Kh1 Nf2+ 32. Kh2 Ng4+ 33. Kh1 Ne3
34. Qc1 Nxf1 35. Qxf1 Qxb2 36. Neg1 Rd5 37. Qxa6 Qf2 38. a5 Rh5+ 39. Nh3 Rxh3+
0-1

[Event "N4 Troyes / Blagny"]
[Site "?"]
[Date "2012.11.18"]
[Round "2"]
[White "Guyot, Philippe"]
[Black "Fourcart, Maxence"]
[Result "1-0"]
[WhiteElo "1983"]
[BlackElo "2071"]
[PlyCount "133"]
[EventDate "2012.??.??"]
[SourceDate "2012.11.18"]

1. d4 d5 2. Nf3 Nf6 3. e3 g6 4. Bd3 Bg7 5. b3 O-O 6. Bb2 Nbd7 7. Nbd2 c5 8. O-O
b6 9. c4 cxd4 10. exd4 Bb7 11. Re1 Rc8 12. Rc1 Re8 13. Qe2 Rc7 14. b4 dxc4 15.
Bxc4 Nd5 16. Qd1 N7f6 17. Qb3 Qb8 18. Ne5 Bh6 19. Rcd1 Rec8 20. Bd3 e6 21. Ne4
Nxe4 22. Bxe4 Nf4 23. Ng4 Bg7 24. Bxb7 Qxb7 25. Ne3 Nd5 26. Re2 Nxe3 27. fxe3
Qe4 28. Qd3 Qxd3 29. Rxd3 b5 30. Kf2 Rc2 31. Rdd2 R2c4 32. a3 Kf8 33. g4 Ke7
34. Kf3 g5 35. h3 a6 36. Kg2 Kd6 37. Kf3 R8c7 38. Kg2 Bf6 39. Kf3 Bh8 40. Kg2
Rc8 41. Kf3 Bg7 42. Rh2 Bf8 43. Ke2 a5 44. bxa5 Ra8 45. Kd3 Rxa5 46. h4 h6 47.
hxg5 hxg5 48. Rh8 Ke7 49. Rf2 Ra7 50. Rh5 Ke8 51. Rxg5 Bxa3 52. Rxb5 Rcc7 53.
Ke4 Bd6 54. Kd3 Ra4 55. g5 Rb4 56. Rxb4 Bxb4 57. Rg2 Ke7 58. g6 fxg6 59. Rxg6
Rc8 60. Rg7+ Kd6 61. Rb7 Be1 62. Ba3+ Kc6 63. Re7 Kb5 64. Bc5 Rc6 65. Rb7+ Ka5
66. Kc4 Bf2 67. Rb2 1-0

[Event "N4 Troyes Blagny"]
[Site "?"]
[Date "2012.11.18"]
[Round "2.6"]
[White "Fourcart, Marc"]
[Black "Guillaume, J.Francois"]
[Result "1-0"]
[WhiteElo "1691"]
[BlackElo "1853"]
[PlyCount "115"]
[EventDate "2012.??.??"]
[SourceDate "2012.11.19"]

1. e4 c5 2. Nf3 e6 3. d4 cxd4 4. Nxd4 a6 5. Bc4 Qc7 6. Bb3 Nf6 7. Nc3 b5 8. a3
Bb7 9. Qd3 Nc6 10. Nxc6 Qxc6 11. f3 d6 12. Be3 Be7 13. O-O O-O 14. Rad1 Rac8
15. Kh1 Nd7 16. Bf4 Nc5 17. Qd2 Nxb3 18. cxb3 Rfd8 19. Bg5 f6 20. Be3 Kh8 21.
Rc1 Qd7 22. b4 Rc6 23. Rfd1 Rdc8 24. Ne2 Rxc1 25. Rxc1 Rxc1+ 26. Qxc1 Qc6 27.
Qxc6 Bxc6 28. Bb6 Kg8 29. Nd4 Bd7 30. Kg1 Kf7 31. Kf2 g6 32. g3 f5 33. exf5
gxf5 34. Ne2 e5 35. Ke3 Ke6 36. f4 Bc6 37. fxe5 dxe5 38. Nc3 Bg5+ 39. Ke2 Bc1
40. Nd1 Kd5 41. Ne3+ Ke4 42. Nd1 f4 43. Nf2+ Kf5 44. gxf4 Bxf4 45. h3 e4 46.
Bd4 Bd5 47. Ng4 Bc4+ 48. Kf2 h5 49. Ne3+ Kg5 50. Nxc4 bxc4 51. a4 Kf5 52. b5
axb5 53. axb5 Ke6 54. b6 Kd5 55. Be3 Be5 56. Bc1 Bd4+ 57. Be3 Bf6 58. b7 1-0

[Event "N4 Troyes / Blagny"]
[Site "?"]
[Date "2012.11.18"]
[Round "2.8"]
[White "Beaudiot, Alain"]
[Black "Prost, Catherine"]
[Result "1-0"]
[WhiteElo "1585"]
[BlackElo "1290"]
[PlyCount "85"]
[EventDate "2012.11.19"]
[SourceDate "2012.11.19"]

1. Nf3 d5 2. e3 e6 3. b3 Nd7 4. Bb2 Ngf6 5. Be2 Be7 6. O-O O-O 7. d3 c6 8. Nbd2
a6 9. a3 b5 10. c4 Bb7 11. b4 dxc4 12. dxc4 Qc7 13. c5 a5 14. Qc2 Rfd8 15. Rfd1
Nd5 16. Qb3 N7f6 17. Be5 Qc8 18. Qb2 h6 19. h3 Rd7 20. Nh2 Qf8 21. e4 Nc7 22.
Bf3 a4 23. Ndf1 Rad8 24. Ne3 Nce8 25. Qc2 Nh7 26. Nef1 Bf6 27. Bxf6 Nexf6 28.
h4 Qe7 29. g3 Ne8 30. e5 Nf8 31. Nd2 f6 32. exf6 Nxf6 33. Ng4 Nxg4 34. Bxg4 Bc8
35. Ne4 Qe8 36. Nd6 Qg6 37. Qxg6 Nxg6 38. Bxe6+ Kf8 39. Bxd7 Rxd7 40. Nxc8 Ne5
41. Rxd7 Nxd7 42. Rd1 Ke8 43. Rd6 1-0

[Event "N4 Troyes / Blagny"]
[Site "?"]
[Date "2012.11.18"]
[Round "2.2"]
[White "Monaville, Guy"]
[Black "Ferrand, Christophe"]
[Result "1-0"]
[WhiteElo "2119"]
[BlackElo "1877"]
[PlyCount "57"]
[EventDate "2012.11.19"]
[SourceDate "2012.11.19"]

1. e4 e6 2. d4 d5 3. e5 c5 4. c3 Nc6 5. Nf3 Nge7 6. Na3 cxd4 7. cxd4 Nf5 8. Nc2
Be7 9. Bd3 O-O 10. g4 Nh6 11. Rg1 Kh8 12. h4 Nb4 13. Nxb4 Bxb4+ 14. Kf1 f6 15.
g5 fxg5 16. Nxg5 Rf5 17. Bxf5 exf5 18. Qh5 Qe7 19. Nxh7 Bd7 20. Nf6 Bb5+ 21.
Kg2 gxf6 22. Qxh6+ Qh7 23. Qxf6+ Qg7+ 24. Qxg7+ Kxg7 25. a3 Be7 26. Kf3+ Kf7
27. Bg5 Rc8 28. Rac1 Rxc1 29. Rxc1 1-0

[Event "N4 Troyes / Blagny"]
[Site "?"]
[Date "2012.11.18"]
[Round "2.3"]
[White "Hacher, Nicolas"]
[Black "Hanot, Wilfried"]
[Result "1-0"]
[WhiteElo "1958"]
[BlackElo "1828"]
[PlyCount "87"]
[EventDate "2012.11.19"]
[SourceDate "2012.11.19"]

1. d4 Nf6 2. Nf3 g6 3. c4 c5 4. d5 b5 5. cxb5 a6 6. b6 Qxb6 7. Nc3 d6 8. Nd2
Nbd7 9. Nc4 Qc7 10. e4 Bg7 11. f4 Nb6 12. Ne3 O-O 13. Bd3 Rb8 14. a4 Bb7 15.
O-O e6 16. a5 Nbd7 17. Bc4 e5 18. f5 Qd8 19. Qe2 Ra8 20. Ra3 Bh6 21. Bd2 Nh5
22. Ng4 Nf4 23. Nxh6+ Kg7 24. Bxf4 exf4 25. Ng4 h5 26. Nf2 g5 27. Qxh5 Rh8 28.
Qe2 Ne5 29. Ng4 Nxg4 30. Qxg4 Rh4 31. Qf3 Qh8 32. h3 g4 33. hxg4 Rh1+ 34. Kf2
Qh4+ 35. Ke2 Rxf1 36. Qxf1 Qxg4+ 37. Qf3 Qg5 38. Rb3 Rh8 39. Rxb7 Rh2 40. f6+
Kg6 41. Kd3 Rxg2 42. Ne2 Rg3 43. Nxg3 fxg3 44. Rb8 1-0